Fertilizer nitrogen : its chemistry and technology.
Guardado en:
| Autor Principal: | |
|---|---|
| Formato: | Libro |
| Idioma: | English |
| Publicado: |
New York :
Reinhold Pub. Corp.,
[1964]
|
| Series: | American Chemical Society. Monograph series ;
nº 161 |
| Etiquetas: |
Agregar Etiqueta
Sin Etiquetas, Sea el primero en etiquetar este registro!
|
| LEADER | 00520nam a22001455a 4500 | ||
|---|---|---|---|
| 001 | EEA.libagro002017 | ||
| 008 | 130809s1964####nyua##########000#0#eng#d | ||
| 005 | 20220426131258.0 | ||
| 245 | 1 | 0 | |a Fertilizer nitrogen : |b its chemistry and technology. |
| 260 | |a New York : |b Reinhold Pub. Corp., |c [1964] | ||
| 300 | |a viii, 424 p. : |b il. ; |c 23 cm. | ||
| 490 | 1 | |a American Chemical Society. Monograph series ; |v nº 161 | |
| 100 | 1 | |a Sauchelli, Vincent, |d 1892-, |e ed. | |
| 082 | 0 | 4 | |a 631.842 |
| 859 | |a AR-BbBCA |b BIB. AGRONOMIA |h 631.84 |i S255 |p 1965/0200 | ||
